Murder Mystery #3 - Statistics

General Stats
  • This quiz has been taken 1,144 times
  • The average score is 11 of 21
Answer Stats
Group Question Answer % Correct
2 Who am I? Buzz Lightyear
91%
3 Guardians of the ______ Galaxy
91%
5 Who am I? Neil Armstrong
86%
3 Who am I? Gamora
77%
1 Who am I? Spock
77%
3 Who is my adoptive father? Thanos
77%
5 What mission took me to the moon? Apollo 11
69%
5 With whom did I explore the moon? Buzz Aldrin
68%
4 Who am I? The Doctor
55%
1 What starship do I serve aboard? USS Enterprise
54%
9 Murder location Mars
51%
4 What is the name of my timeship? TARDIS
46%
7 Murderer Hulk
45%
1 What race is my father? Vulcan
44%
6 Who am I? Master Chief
41%
2 What is my occupation? Space Ranger
41%
2 Who is my arch-nemesis? Emperor Zurg
38%
8 Murder weapon Space Force
26%
4 What is my home planet? Gallifrey
25%
6 What is the name of my AI? Cortana
22%
6 What is my first name? John
18%
No matching quizzes found
Score Distribution
Percent of People with Each Score
Percentile by Number Answered
Your Score History
You have not taken this quiz